NBA All-NBA Teams - Statistics

General Stats
  • This quiz has been taken 102 times
  • The average score is 696 of 976
Answer Stats
Season All-NBA Team Player Team % Correct
2023-24 Second Anthony Davis Los Angeles Lakers
100%
2019-20 First Anthony Davis Los Angeles Lakers
100%
2017-18 First Anthony Davis New Orleans Pelicans
100%
2016-17 First Anthony Davis New Orleans Pelicans
100%
2014-15 First Anthony Davis New Orleans Pelicans
100%
2003-04 Third Baron Davis New Orleans Hornets
100%
2022-23 Third Damian Lillard Portland Trail Blazers
100%
2020-21 Second Damian Lillard Portland Trail Blazers
100%
2019-20 Second Damian Lillard Portland Trail Blazers
100%
2018-19 Second Damian Lillard Portland Trail Blazers
100%
2017-18 First Damian Lillard Portland Trail Blazers
100%
2015-16 Second Damian Lillard Portland Trail Blazers
100%
2013-14 Third Damian Lillard Portland Trail Blazers
100%
2024-25 First Giannis Antetokounmpo Milwaukee Bucks
100%
2023-24 First Giannis Antetokounmpo Milwaukee Bucks
100%
2022-23 First Giannis Antetokounmpo Milwaukee Bucks
100%
2021-22 First Giannis Antetokounmpo Milwaukee Bucks
100%
2020-21 First Giannis Antetokounmpo Milwaukee Bucks
100%
2019-20 First Giannis Antetokounmpo Milwaukee Bucks
100%
2018-19 First Giannis Antetokounmpo Milwaukee Bucks
100%
2017-18 Second Giannis Antetokounmpo Milwaukee Bucks
100%
2024-25 First Jayson Tatum Boston Celtics
100%
2023-24 First Jayson Tatum Boston Celtics
100%
2022-23 First Jayson Tatum Boston Celtics
100%
2021-22 First Jayson Tatum Boston Celtics
100%
2019-20 Third Jayson Tatum Boston Celtics
100%
2023-24 Second Kawhi Leonard Los Angeles Clippers
100%
2020-21 First Kawhi Leonard Los Angeles Clippers
100%
2019-20 Second Kawhi Leonard Los Angeles Clippers
100%
2018-19 Second Kawhi Leonard Toronto Raptors
100%
2016-17 First Kawhi Leonard San Antonio Spurs
100%
2015-16 First Kawhi Leonard San Antonio Spurs
100%
2024-25 Second LeBron James Los Angeles Lakers
100%
2023-24 Third LeBron James Los Angeles Lakers
100%
2022-23 Third LeBron James Los Angeles Lakers
100%
2021-22 Third LeBron James Los Angeles Lakers
100%
2020-21 Second LeBron James Los Angeles Lakers
100%
2019-20 First LeBron James Los Angeles Lakers
100%
2018-19 Third LeBron James Los Angeles Lakers
100%
2017-18 First LeBron James Cleveland Cavaliers
100%
2016-17 First LeBron James Cleveland Cavaliers
100%
2015-16 First LeBron James Cleveland Cavaliers
100%
2014-15 First LeBron James Cleveland Cavaliers
100%
2013-14 First LeBron James Miami Heat
100%
2012-13 First LeBron James Miami Heat
100%
2011-12 First LeBron James Miami Heat
100%
2010-11 First LeBron James Miami Heat
100%
2009-10 First LeBron James Cleveland Cavaliers
100%
2008-09 First LeBron James Cleveland Cavaliers
100%
2007-08 First LeBron James Cleveland Cavaliers
100%
2006-07 First LeBron James Cleveland Cavaliers
100%
2005-06 First LeBron James Cleveland Cavaliers
100%
2004-05 Second LeBron James Cleveland Cavaliers
100%
2023-24 First Luka Dončić Dallas Mavericks
100%
2022-23 First Luka Dončić Dallas Mavericks
100%
2021-22 First Luka Dončić Dallas Mavericks
100%
2020-21 First Luka Dončić Dallas Mavericks
100%
2019-20 First Luka Dončić Dallas Mavericks
100%
2024-25 First Nikola Jokić Denver Nuggets
100%
2023-24 First Nikola Jokić Denver Nuggets
100%
2022-23 Second Nikola Jokić Denver Nuggets
100%
2021-22 First Nikola Jokić Denver Nuggets
100%
2020-21 First Nikola Jokić Denver Nuggets
100%
2019-20 Second Nikola Jokić Denver Nuggets
100%
2018-19 First Nikola Jokić Denver Nuggets
100%
2024-25 First Shai Gilgeous-Alexander Oklahoma City Thunder
100%
2023-24 First Shai Gilgeous-Alexander Oklahoma City Thunder
100%
2022-23 First Shai Gilgeous-Alexander Oklahoma City Thunder
100%
2024-25 Second Stephen Curry Golden State Warriors
100%
2023-24 Third Stephen Curry Golden State Warriors
100%
2022-23 Second Stephen Curry Golden State Warriors
100%
2021-22 Second Stephen Curry Golden State Warriors
100%
2020-21 First Stephen Curry Golden State Warriors
100%
2018-19 First Stephen Curry Golden State Warriors
100%
2017-18 Second Stephen Curry Golden State Warriors
100%
2016-17 Second Stephen Curry Golden State Warriors
100%
2015-16 First Stephen Curry Golden State Warriors
100%
2014-15 First Stephen Curry Golden State Warriors
100%
2013-14 First Stephen Curry Golden State Warriors
100%
1978-79 Second Walter Davis Phoenix Suns
100%
1977-78 Second Walter Davis Phoenix Suns
100%
2024-25 Second Anthony Edwards Minnesota Timberwolves
99%
2023-24 Second Anthony Edwards Minnesota Timberwolves
99%
2016-17 Third DeAndre Jordan Los Angeles Clippers
99%
2015-16 First DeAndre Jordan Los Angeles Clippers
99%
2024-25 First Donovan Mitchell Cleveland Cavaliers
99%
2022-23 Second Donovan Mitchell Cleveland Cavaliers
99%
2024-25 Second Jalen Brunson New York Knicks
99%
2023-24 Second Jalen Brunson New York Knicks
99%
2024-25 Third James Harden LA Clippers
99%
2019-20 First James Harden Houston Rockets
99%
2018-19 First James Harden Houston Rockets
99%
2017-18 First James Harden Houston Rockets
99%
2016-17 First James Harden Houston Rockets
99%
2014-15 First James Harden Houston Rockets
99%
2013-14 First James Harden Houston Rockets
99%
2012-13 Third James Harden Houston Rockets
99%
2011-12 Third James Harden Oklahoma City Thunder
99%
1972-73 First Jerry West Los Angeles Lakers
99%
1971-72 First Jerry West Los Angeles Lakers
99%
1970-71 First Jerry West Los Angeles Lakers
99%
1969-70 First Jerry West Los Angeles Lakers
99%
1968-69 Second Jerry West Los Angeles Lakers
99%
1967-68 Second Jerry West Los Angeles Lakers
99%
1966-67 First Jerry West Los Angeles Lakers
99%
1965-66 First Jerry West Los Angeles Lakers
99%
1964-65 First Jerry West Los Angeles Lakers
99%
1963-64 First Jerry West Los Angeles Lakers
99%
1962-63 First Jerry West Los Angeles Lakers
99%
1961-62 First Jerry West Los Angeles Lakers
99%
2023-24 Second Kevin Durant Phoenix Suns
99%
2021-22 Second Kevin Durant Brooklyn Nets
99%
2018-19 Second Kevin Durant Golden State Warriors
99%
2017-18 First Kevin Durant Golden State Warriors
99%
2016-17 Second Kevin Durant Golden State Warriors
99%
2015-16 Second Kevin Durant Oklahoma City Thunder
99%
2013-14 First Kevin Durant Oklahoma City Thunder
99%
2012-13 First Kevin Durant Oklahoma City Thunder
99%
2011-12 First Kevin Durant Oklahoma City Thunder
99%
2010-11 First Kevin Durant Oklahoma City Thunder
99%
2009-10 First Kevin Durant Oklahoma City Thunder
99%
1997-98 First Michael Jordan Chicago Bulls
99%
1996-97 First Michael Jordan Chicago Bulls
99%
1995-96 First Michael Jordan Chicago Bulls
99%
1992-93 First Michael Jordan Chicago Bulls
99%
1991-92 First Michael Jordan Chicago Bulls
99%
1990-91 First Michael Jordan Chicago Bulls
99%
1989-90 First Michael Jordan Chicago Bulls
99%
1988-89 First Michael Jordan Chicago Bulls
99%
1987-88 First Michael Jordan Chicago Bulls
99%
1986-87 First Michael Jordan Chicago Bulls
99%
1984-85 Second Michael Jordan Chicago Bulls
99%
2019-20 Third Russell Westbrook Houston Rockets
99%
2018-19 Third Russell Westbrook Oklahoma City Thunder
99%
2017-18 Third Russell Westbrook Oklahoma City Thunder
99%
2016-17 First Russell Westbrook Oklahoma City Thunder
99%
2015-16 First Russell Westbrook Oklahoma City Thunder
99%
2014-15 Second Russell Westbrook Oklahoma City Thunder
99%
2012-13 Second Russell Westbrook Oklahoma City Thunder
99%
2011-12 Second Russell Westbrook Oklahoma City Thunder
99%
2010-11 Second Russell Westbrook Oklahoma City Thunder
99%
2023-24 Third Devin Booker Phoenix Suns
97%
2021-22 First Devin Booker Phoenix Suns
97%
2022-23 Second Jimmy Butler Miami Heat
97%
2020-21 Third Jimmy Butler Miami Heat
97%
2019-20 Third Jimmy Butler Miami Heat
97%
2017-18 Third Jimmy Butler Minnesota Timberwolves
97%
2016-17 Third Jimmy Butler Chicago Bulls
97%
2022-23 First Joel Embiid Philadelphia 76ers
97%
2021-22 Second Joel Embiid Philadelphia 76ers
97%
2020-21 Second Joel Embiid Philadelphia 76ers
97%
2019-20 Third Joel Embiid Philadelphia 76ers
97%
2018-19 Second Joel Embiid Philadelphia 76ers
97%
2017-18 Second Joel Embiid Philadelphia 76ers
97%
2024-25 Third Karl-Anthony Towns New York Knicks
97%
2021-22 Third Karl-Anthony Towns Minnesota Timberwolves
97%
2017-18 Third Karl-Anthony Towns Minnesota Timberwolves
97%
2020-21 Third Paul George Los Angeles Clippers
97%
2018-19 First Paul George Oklahoma City Thunder
97%
2017-18 Third Paul George Oklahoma City Thunder
97%
2016-17 Third Paul George Indiana Pacers
97%
2015-16 Third Paul George Indiana Pacers
97%
2013-14 Third Paul George Indiana Pacers
97%
2012-13 Third Paul George Indiana Pacers
97%
2024-25 Third Tyrese Haliburton Indiana Pacers
97%
2023-24 Third Tyrese Haliburton Indiana Pacers
97%
2024-25 Third Cade Cunningham Detroit Pistons
96%
2021-22 Third Chris Paul Phoenix Suns
96%
2020-21 Second Chris Paul Phoenix Suns
96%
2019-20 Second Chris Paul Oklahoma City Thunder
96%
2015-16 Second Chris Paul Los Angeles Clippers
96%
2014-15 Second Chris Paul Los Angeles Clippers
96%
2013-14 Second Chris Paul Los Angeles Clippers
96%
2012-13 First Chris Paul Los Angeles Clippers
96%
2011-12 First Chris Paul Los Angeles Clippers
96%
2010-11 Third Chris Paul New Orleans Hornets
96%
2008-09 Second Chris Paul New Orleans Hornets
96%
2007-08 First Chris Paul New Orleans Hornets
96%
2023-24 Third Domantas Sabonis Sacramento Kings
96%
2022-23 Third Domantas Sabonis Sacramento Kings
96%
2022-23 Second Jaylen Brown Boston Celtics
96%
2015-16 Third Klay Thompson Golden State Warriors
96%
2014-15 Third Klay Thompson Golden State Warriors
96%
2014-15 Third Tim Duncan San Antonio Spurs
96%
2012-13 First Tim Duncan San Antonio Spurs
96%
2009-10 Third Tim Duncan San Antonio Spurs
96%
2008-09 Second Tim Duncan San Antonio Spurs
96%
2007-08 Second Tim Duncan San Antonio Spurs
96%
2006-07 Second Tim Duncan San Antonio Spurs
96%
2005-06 Second Tim Duncan San Antonio Spurs
96%
2004-05 First Tim Duncan San Antonio Spurs
96%
2003-04 First Tim Duncan San Antonio Spurs
96%
2002-03 First Tim Duncan San Antonio Spurs
96%
2001-02 First Tim Duncan San Antonio Spurs
96%
2000-01 First Tim Duncan San Antonio Spurs
96%
1999-00 First Tim Duncan San Antonio Spurs
96%
1998-99 First Tim Duncan San Antonio Spurs
96%
1997-98 First Tim Duncan San Antonio Spurs
96%
2016-17 Second Draymond Green Golden State Warriors
95%
2015-16 Second Draymond Green Golden State Warriors
95%
1955-56 Second Jack George Philadelphia Warriors
95%
2021-22 Third Trae Young Atlanta Hawks
95%
1971-72 Second Billy Cunningham Philadelphia 76ers
93%
1970-71 First Billy Cunningham Philadelphia 76ers
93%
1969-70 First Billy Cunningham Philadelphia 76ers
93%
1968-69 First Billy Cunningham Philadelphia 76ers
93%
1977-78 First David Thompson Denver Nuggets
93%
1976-77 First David Thompson Denver Nuggets
93%
2021-22 Second DeMar DeRozan Chicago Bulls
93%
2017-18 Second DeMar DeRozan Toronto Raptors
93%
2016-17 Third DeMar DeRozan Toronto Raptors
93%
2024-25 Third Jalen Williams Oklahoma City Thunder
93%
2021-22 Second Ja Morant Memphis Grizzlies
93%
1983-84 Second Julius Erving Philadelphia 76ers
93%
1982-83 First Julius Erving Philadelphia 76ers
93%
1981-82 First Julius Erving Philadelphia 76ers
93%
1980-81 First Julius Erving Philadelphia 76ers
93%
1979-80 First Julius Erving Philadelphia 76ers
93%
1977-78 First Julius Erving Philadelphia 76ers
93%
1976-77 Second Julius Erving Philadelphia 76ers
93%
2000-01 Third Karl Malone Utah Jazz
93%
1999-00 First Karl Malone Utah Jazz
93%
1998-99 First Karl Malone Utah Jazz
93%
1997-98 First Karl Malone Utah Jazz
93%
1996-97 First Karl Malone Utah Jazz
93%
1995-96 First Karl Malone Utah Jazz
93%
1994-95 First Karl Malone Utah Jazz
93%
1993-94 First Karl Malone Utah Jazz
93%
1992-93 First Karl Malone Utah Jazz
93%
1991-92 First Karl Malone Utah Jazz
93%
1990-91 First Karl Malone Utah Jazz
93%
1989-90 First Karl Malone Utah Jazz
93%
1988-89 First Karl Malone Utah Jazz
93%
1987-88 Second Karl Malone Utah Jazz
93%
2020-21 Third Kyrie Irving Brooklyn Nets
93%
2018-19 Second Kyrie Irving Boston Celtics
93%
2014-15 Third Kyrie Irving Cleveland Cavaliers
93%
1986-87 Second Moses Malone Washington Bullets
93%
1984-85 First Moses Malone Philadelphia 76ers
93%
1983-84 Second Moses Malone Philadelphia 76ers
93%
1982-83 First Moses Malone Philadelphia 76ers
93%
1981-82 First Moses Malone Houston Rockets
93%
1980-81 Second Moses Malone Houston Rockets
93%
1979-80 Second Moses Malone Houston Rockets
93%
1978-79 First Moses Malone Houston Rockets
93%
2018-19 Third Blake Griffin Detroit Pistons
92%
2014-15 Second Blake Griffin Los Angeles Clippers
92%
2013-14 Second Blake Griffin Los Angeles Clippers
92%
2012-13 Second Blake Griffin Los Angeles Clippers
92%
2011-12 Second Blake Griffin Los Angeles Clippers
92%
2022-23 Third De’Aaron Fox Sacramento Kings
92%
2016-17 Second Isaiah Thomas Boston Celtics
92%
1986-87 Second Isiah Thomas Detroit Pistons
92%
1985-86 First Isiah Thomas Detroit Pistons
92%
1984-85 First Isiah Thomas Detroit Pistons
92%
1983-84 First Isiah Thomas Detroit Pistons
92%
1982-83 Second Isiah Thomas Detroit Pistons
92%
2012-13 First Kobe Bryant Los Angeles Lakers
92%
2011-12 First Kobe Bryant Los Angeles Lakers
92%
2010-11 First Kobe Bryant Los Angeles Lakers
92%
2009-10 First Kobe Bryant Los Angeles Lakers
92%
2008-09 First Kobe Bryant Los Angeles Lakers
92%
2007-08 First Kobe Bryant Los Angeles Lakers
92%
2006-07 First Kobe Bryant Los Angeles Lakers
92%
2005-06 First Kobe Bryant Los Angeles Lakers
92%
2004-05 Third Kobe Bryant Los Angeles Lakers
92%
2003-04 First Kobe Bryant Los Angeles Lakers
92%
2002-03 First Kobe Bryant Los Angeles Lakers
92%
2001-02 First Kobe Bryant Los Angeles Lakers
92%
2000-01 Second Kobe Bryant Los Angeles Lakers
92%
2014-15 First Marc Gasol Memphis Grizzlies
92%
2012-13 Second Marc Gasol Memphis Grizzlies
92%
2021-22 Third Pascal Siakam Toronto Raptors
92%
2019-20 Second Pascal Siakam Toronto Raptors
92%
2014-15 Second Pau Gasol Chicago Bulls
92%
2010-11 Second Pau Gasol Los Angeles Lakers
92%
2009-10 Second Pau Gasol Los Angeles Lakers
92%
2008-09 Second Pau Gasol Los Angeles Lakers
92%
1959-60 Second Richie Griffin New York Knicks
92%
2020-21 Third Rudy Gobert Utah Jazz
92%
2018-19 Third Rudy Gobert Utah Jazz
92%
2016-17 Second Rudy Gobert Utah Jazz
92%
1998-99 Third Antoine Walker Boston Celtics
91%
1997-98 Third Antoine Walker Boston Celtics
91%
2020-21 Third Bradley Beal Washington Wizards
91%
1982-83 Second Buck Williams New Jersey Nets
91%
2009-10 Second Deron Williams Utah Jazz
91%
2024-25 Second Evan Mobley Cleveland Cavaliers
91%
1981-82 First Gus Williams Seattle SuperSonics
91%
1979-80 Second Gus Williams Seattle SuperSonics
91%
2018-19 Third Kemba Walker Charlotte Hornets
91%
2008-09 Third Kevin Garnett Boston Celtics
91%
2007-08 First Kevin Garnett Boston Celtics
91%
2006-07 Third Kevin Garnett Minnesota Timberwolves
91%
2005-06 Third Kevin Garnett Minnesota Timberwolves
91%
2004-05 Second Kevin Garnett Minnesota Timberwolves
91%
2003-04 First Kevin Garnett Minnesota Timberwolves
91%
2002-03 First Kevin Garnett Minnesota Timberwolves
91%
2001-02 Second Kevin Garnett Minnesota Timberwolves
91%
2000-01 Second Kevin Garnett Minnesota Timberwolves
91%
1999-00 Second Kevin Garnett Minnesota Timberwolves
91%
2010-11 First Derrick Rose Chicago Bulls
89%
2010-11 Second Dirk Nowitzki Dallas Mavericks
89%
2009-10 Second Dirk Nowitzki Dallas Mavericks
89%
2008-09 First Dirk Nowitzki Dallas Mavericks
89%
2007-08 Second Dirk Nowitzki Dallas Mavericks
89%
2006-07 First Dirk Nowitzki Dallas Mavericks
89%
2005-06 First Dirk Nowitzki Dallas Mavericks
89%
2004-05 First Dirk Nowitzki Dallas Mavericks
89%
2003-04 Third Dirk Nowitzki Dallas Mavericks
89%
2002-03 Second Dirk Nowitzki Dallas Mavericks
89%
2001-02 Second Dirk Nowitzki Dallas Mavericks
89%
2000-01 Third Dirk Nowitzki Dallas Mavericks
89%
2013-14 Second Dwight Howard Houston Rockets
89%
2012-13 Third Dwight Howard Los Angeles Lakers
89%
2011-12 First Dwight Howard Orlando Magic
89%
2010-11 First Dwight Howard Orlando Magic
89%
2009-10 First Dwight Howard Orlando Magic
89%
2008-09 First Dwight Howard Orlando Magic
89%
2007-08 First Dwight Howard Orlando Magic
89%
2006-07 Third Dwight Howard Orlando Magic
89%
1997-98 Second John Stockton Utah Jazz
89%
1996-97 Second John Stockton Utah Jazz
89%
1995-96 Second John Stockton Utah Jazz
89%
1994-95 First John Stockton Utah Jazz
89%
1993-94 First John Stockton Utah Jazz
89%
1992-93 First John Stockton Utah Jazz
89%
1991-92 Second John Stockton Utah Jazz
89%
1990-91 Third John Stockton Utah Jazz
89%
1989-90 Second John Stockton Utah Jazz
89%
1988-89 Second John Stockton Utah Jazz
89%
1987-88 Second John Stockton Utah Jazz
89%
2016-17 Third John Wall Washington Wizards
89%
1990-91 Second Larry Bird Boston Celtics
89%
1989-90 Second Larry Bird Boston Celtics
89%
1987-88 First Larry Bird Boston Celtics
89%
1986-87 First Larry Bird Boston Celtics
89%
1985-86 First Larry Bird Boston Celtics
89%
1984-85 First Larry Bird Boston Celtics
89%
1983-84 First Larry Bird Boston Celtics
89%
1982-83 First Larry Bird Boston Celtics
89%
1981-82 First Larry Bird Boston Celtics
89%
1980-81 First Larry Bird Boston Celtics
89%
1979-80 First Larry Bird Boston Celtics
89%
1990-91 First Magic Johnson Los Angeles Lakers
89%
1989-90 First Magic Johnson Los Angeles Lakers
89%
1988-89 First Magic Johnson Los Angeles Lakers
89%
1987-88 First Magic Johnson Los Angeles Lakers
89%
1986-87 First Magic Johnson Los Angeles Lakers
89%
1985-86 First Magic Johnson Los Angeles Lakers
89%
1984-85 First Magic Johnson Los Angeles Lakers
89%
1983-84 First Magic Johnson Los Angeles Lakers
89%
1982-83 First Magic Johnson Los Angeles Lakers
89%
1981-82 Second Magic Johnson Los Angeles Lakers
89%
1998-99 Second Scottie Pippen Houston Rockets
89%
1997-98 Second Scottie Pippen Chicago Bulls
89%
1996-97 Second Scottie Pippen Chicago Bulls
89%
1995-96 First Scottie Pippen Chicago Bulls
89%
1994-95 First Scottie Pippen Chicago Bulls
89%
1993-94 First Scottie Pippen Chicago Bulls
89%
1992-93 Second Scottie Pippen Chicago Bulls
89%
1991-92 Second Scottie Pippen Chicago Bulls
89%
2013-14 Second Tony Parker San Antonio Spurs
89%
2012-13 Second Tony Parker San Antonio Spurs
89%
2011-12 Second Tony Parker San Antonio Spurs
89%
2008-09 Third Tony Parker San Antonio Spurs
89%
2019-20 Third Ben Simmons Philadelphia 76ers
88%
2012-13 Second Carmelo Anthony New York Knicks
88%
2011-12 Second Carmelo Anthony New York Knicks
88%
2009-10 Third Carmelo Anthony Denver Nuggets
88%
2008-09 Third Carmelo Anthony Denver Nuggets
88%
2006-07 Third Carmelo Anthony Denver Nuggets
88%
2012-13 Third Dwyane Wade Miami Heat
88%
2011-12 Third Dwyane Wade Miami Heat
88%
2010-11 Second Dwyane Wade Miami Heat
88%
2009-10 First Dwyane Wade Miami Heat
88%
2008-09 First Dwyane Wade Miami Heat
88%
2007-08 Third Dwyane Wade Miami Heat
88%
2006-07 Second Dwyane Wade Miami Heat
88%
2005-06 Second Dwyane Wade Miami Heat
88%
2004-05 Second Dwyane Wade Miami Heat
88%
2003-04 Third Dwyane Wade Miami Heat
88%
2022-23 Third Julius Randle New York Knicks
88%
2020-21 Second Julius Randle New York Knicks
88%
2010-11 Third Manu Ginóbili San Antonio Spurs
88%
2008-09 Third Shaquille O'Neal Phoenix Suns
88%
2005-06 First Shaquille O'Neal Miami Heat
88%
2004-05 First Shaquille O'Neal Miami Heat
88%
2003-04 First Shaquille O'Neal Los Angeles Lakers
88%
2002-03 First Shaquille O'Neal Los Angeles Lakers
88%
2001-02 First Shaquille O'Neal Los Angeles Lakers
88%
2001-02 Third Shaquille O'Neal Los Angeles Lakers
88%
2000-01 First Shaquille O'Neal Los Angeles Lakers
88%
1999-00 First Shaquille O'Neal Los Angeles Lakers
88%
1998-99 First Shaquille O'Neal Los Angeles Lakers
88%
1997-98 First Shaquille O'Neal Los Angeles Lakers
88%
2009-10 Second Steve Nash Phoenix Suns
88%
2007-08 Second Steve Nash Phoenix Suns
88%
2006-07 First Steve Nash Phoenix Suns
88%
2005-06 First Steve Nash Phoenix Suns
88%
2004-05 First Steve Nash Phoenix Suns
88%
2002-03 Third Steve Nash Dallas Mavericks
88%
2001-02 Second Steve Nash Dallas Mavericks
88%
1997-98 Third Hakeem Olajuwon Houston Rockets
87%
1996-97 First Hakeem Olajuwon Houston Rockets
87%
1995-96 First Hakeem Olajuwon Houston Rockets
87%
1994-95 Second Hakeem Olajuwon Houston Rockets
87%
1993-94 First Hakeem Olajuwon Houston Rockets
87%
1992-93 First Hakeem Olajuwon Houston Rockets
87%
1991-92 Third Hakeem Olajuwon Houston Rockets
87%
1990-91 Third Hakeem Olajuwon Houston Rockets
87%
1989-90 Second Hakeem Olajuwon Houston Rockets
87%
1988-89 First Hakeem Olajuwon Houston Rockets
87%
1987-88 First Hakeem Olajuwon Houston Rockets
87%
1986-87 First Hakeem Olajuwon Houston Rockets
87%
1985-86 Second Hakeem Olajuwon Houston Rockets
87%
1985-86 First Kareem Abdul-Jabbar Los Angeles Lakers
87%
1984-85 Second Kareem Abdul-Jabbar Los Angeles Lakers
87%
1983-84 First Kareem Abdul-Jabbar Los Angeles Lakers
87%
1982-83 Second Kareem Abdul-Jabbar Los Angeles Lakers
87%
1980-81 First Kareem Abdul-Jabbar Los Angeles Lakers
87%
1979-80 First Kareem Abdul-Jabbar Los Angeles Lakers
87%
1978-79 Second Kareem Abdul-Jabbar Los Angeles Lakers
87%
1977-78 Second Kareem Abdul-Jabbar Los Angeles Lakers
87%
1976-77 First Kareem Abdul-Jabbar Los Angeles Lakers
87%
1975-76 First Kareem Abdul-Jabbar Los Angeles Lakers
87%
1973-74 First Kareem Abdul-Jabbar Milwaukee Bucks
87%
1972-73 First Kareem Abdul-Jabbar Milwaukee Bucks
87%
1971-72 First Kareem Abdul-Jabbar Milwaukee Bucks
87%
1970-71 First Kareem Abdul-Jabbar Milwaukee Bucks
87%
1969-70 Second Kareem Abdul-Jabbar Milwaukee Bucks
87%
1995-96 Second Charles Barkley Phoenix Suns
85%
1994-95 Second Charles Barkley Phoenix Suns
85%
1993-94 Third Charles Barkley Phoenix Suns
85%
1992-93 First Charles Barkley Phoenix Suns
85%
1991-92 First Charles Barkley Philadelphia 76ers
85%
1990-91 First Charles Barkley Philadelphia 76ers
85%
1989-90 First Charles Barkley Philadelphia 76ers
85%
1988-89 First Charles Barkley Philadelphia 76ers
85%
1987-88 First Charles Barkley Philadelphia 76ers
85%
1986-87 Second Charles Barkley Philadelphia 76ers
85%
1985-86 Second Charles Barkley Philadelphia 76ers
85%
1997-98 Second David Robinson San Antonio Spurs
85%
1996-97 Third David Robinson San Antonio Spurs
85%
1995-96 Second David Robinson San Antonio Spurs
85%
1994-95 First David Robinson San Antonio Spurs
85%
1993-94 Second David Robinson San Antonio Spurs
85%
1992-93 Third David Robinson San Antonio Spurs
85%
1991-92 First David Robinson San Antonio Spurs
85%
1990-91 First David Robinson San Antonio Spurs
85%
1989-90 Third David Robinson San Antonio Spurs
85%
2003-04 First Jason Kidd New Jersey Nets
85%
2002-03 Second Jason Kidd New Jersey Nets
85%
2001-02 First Jason Kidd New Jersey Nets
85%
2000-01 First Jason Kidd Phoenix Suns
85%
1999-00 First Jason Kidd Phoenix Suns
85%
1998-99 First Jason Kidd Phoenix Suns
85%
1997-98 Second Jason Kidd Phoenix Suns
85%
1996-97 Second Patrick Ewing New York Knicks
85%
1995-96 Third Patrick Ewing New York Knicks
85%
1994-95 Third Patrick Ewing New York Knicks
85%
1993-94 Third Patrick Ewing New York Knicks
85%
1992-93 Second Patrick Ewing New York Knicks
85%
1991-92 Second Patrick Ewing New York Knicks
85%
1990-91 Second Patrick Ewing New York Knicks
85%
1989-90 First Patrick Ewing New York Knicks
85%
1988-89 Second Patrick Ewing New York Knicks
85%
1987-88 Second Patrick Ewing New York Knicks
85%
2004-05 First Allen Iverson Philadelphia 76ers
84%
2002-03 Second Allen Iverson Philadelphia 76ers
84%
2001-02 Second Allen Iverson Philadelphia 76ers
84%
2000-01 First Allen Iverson Philadelphia 76ers
84%
1999-00 First Allen Iverson Philadelphia 76ers
84%
1998-99 First Allen Iverson Philadelphia 76ers
84%
1980-81 First Dennis Johnson Phoenix Suns
84%
1979-80 Second Dennis Johnson Seattle SuperSonics
84%
2015-16 Third Kyle Lowry Toronto Raptors
84%
1991-92 Third Larry Johnson Charlotte Hornets
84%
2007-08 Third Paul Pierce Boston Celtics
84%
2002-03 Third Paul Pierce Boston Celtics
84%
2001-02 Third Paul Pierce Boston Celtics
84%
1992-93 Third Clyde Drexler Portland Trail Blazers
83%
1991-92 First Clyde Drexler Portland Trail Blazers
83%
1990-91 Second Clyde Drexler Portland Trail Blazers
83%
1989-90 Third Clyde Drexler Portland Trail Blazers
83%
1987-88 Second Clyde Drexler Portland Trail Blazers
83%
2000-01 Third Gary Payton Seattle SuperSonics
83%
1999-00 Second Gary Payton Seattle SuperSonics
83%
1998-99 Second Gary Payton Seattle SuperSonics
83%
1997-98 First Gary Payton Seattle SuperSonics
83%
1996-97 Second Gary Payton Seattle SuperSonics
83%
1995-96 Second Gary Payton Seattle SuperSonics
83%
1994-95 Second Gary Payton Seattle SuperSonics
83%
1993-94 Third Gary Payton Seattle SuperSonics
83%
1970-71 Second Gus Johnson Baltimore Bullets
83%
1969-70 Second Gus Johnson Baltimore Bullets
83%
1965-66 Second Gus Johnson Baltimore Bullets
83%
1964-65 Second Gus Johnson Baltimore Bullets
83%
2009-10 Third Joe Johnson Atlanta Hawks
83%
1993-94 Second Kevin Johnson Phoenix Suns
83%
1992-93 Second Kevin Johnson Phoenix Suns
83%
1991-92 Second Kevin Johnson Phoenix Suns
83%
1990-91 Second Kevin Johnson Phoenix Suns
83%
1989-90 Second Kevin Johnson Phoenix Suns
83%
1988-89 Second Kevin Johnson Phoenix Suns
83%
2017-18 Second LaMarcus Aldridge San Antonio Spurs
83%
2015-16 Third LaMarcus Aldridge San Antonio Spurs
83%
2014-15 Third LaMarcus Aldridge Portland Trail Blazers
83%
2013-14 Third LaMarcus Aldridge Portland Trail Blazers
83%
2010-11 Third LaMarcus Aldridge Portland Trail Blazers
83%
1980-81 Second Marques Johnson Milwaukee Bucks
83%
1979-80 Second Marques Johnson Milwaukee Bucks
83%
1978-79 First Marques Johnson Milwaukee Bucks
83%
1977-78 First Truck Robinson New Orleans Jazz
83%
2005-06 Third Ben Wallace Detroit Pistons
81%
2004-05 Third Ben Wallace Detroit Pistons
81%
2003-04 Third Ben Wallace Detroit Pistons
81%
2002-03 Second Ben Wallace Detroit Pistons
81%
2001-02 Second Ben Wallace Detroit Pistons
81%
2006-07 Second Chris Bosh Toronto Raptors
81%
1995-96 Third Dennis Rodman Chicago Bulls
81%
1994-95 Third Dennis Rodman San Antonio Spurs
81%
1991-92 Third Dennis Rodman Detroit Pistons
81%
2013-14 First Joakim Noah Chicago Bulls
81%
2002-03 Third Rasheed Wallace Portland Trail Blazers
81%
1971-72 Second Wilt Chamberlain Los Angeles Lakers
81%
1967-68 First Wilt Chamberlain Philadelphia 76ers
81%
1966-67 First Wilt Chamberlain Philadelphia 76ers
81%
1965-66 First Wilt Chamberlain Philadelphia 76ers
81%
1964-65 Second Wilt Chamberlain Philadelphia 76ers
81%
1963-64 First Wilt Chamberlain San Francisco Warriors
81%
1962-63 Second Wilt Chamberlain San Francisco Warriors
81%
1961-62 First Wilt Chamberlain Philadelphia Warriors
81%
1960-61 First Wilt Chamberlain Philadelphia Warriors
81%
1959-60 First Wilt Chamberlain Philadelphia Warriors
81%
2004-05 Second Ray Allen Seattle SuperSonics
80%
2001-02 Third Ray Allen Milwaukee Bucks
80%
2000-01 Third Ray Allen Milwaukee Bucks
80%
1999-00 Second Ray Allen Milwaukee Bucks
80%
1999-00 Third Reggie Miller Indiana Pacers
80%
1998-99 Third Reggie Miller Indiana Pacers
80%
1997-98 Third Reggie Miller Indiana Pacers
80%
1996-97 Third Reggie Miller Indiana Pacers
80%
1995-96 Third Reggie Miller Indiana Pacers
80%
1994-95 Second Reggie Miller Indiana Pacers
80%
1993-94 Third Reggie Miller Indiana Pacers
80%
2015-16 Second DeMarcus Cousins Sacramento Kings
79%
2014-15 Second DeMarcus Cousins Sacramento Kings
79%
2007-08 Second Tracy McGrady Houston Rockets
79%
2006-07 Third Tracy McGrady Houston Rockets
79%
2005-06 Third Tracy McGrady Houston Rockets
79%
2004-05 Third Tracy McGrady Houston Rockets
79%
2003-04 Second Tracy McGrady Orlando Magic
79%
2002-03 First Tracy McGrady Orlando Magic
79%
2001-02 First Tracy McGrady Orlando Magic
79%
2000-01 Second Tracy McGrady Orlando Magic
79%
2010-11 Second Amar'e Stoudemire New York Knicks
77%
2009-10 Second Amar'e Stoudemire Phoenix Suns
77%
2007-08 Second Amar'e Stoudemire Phoenix Suns
77%
2006-07 First Amar'e Stoudemire Phoenix Suns
77%
2005-06 Second Amar'e Stoudemire Phoenix Suns
77%
2004-05 Second Amar'e Stoudemire Phoenix Suns
77%
2014-15 Third Al Horford Atlanta Hawks
76%
2010-11 Third Al Horford Atlanta Hawks
76%
1971-72 Second Bob Love Chicago Bulls
76%
1970-71 Second Bob Love Chicago Bulls
76%
2013-14 Second Kevin Love Minnesota Timberwolves
76%
2011-12 Third Kevin Love Minnesota Timberwolves
76%
2000-01 Second Vince Carter Toronto Raptors
76%
1999-00 Third Vince Carter Toronto Raptors
76%
1967-68 Second Bill Russell Boston Celtics
75%
1966-67 Second Bill Russell Boston Celtics
75%
1965-66 Second Bill Russell Boston Celtics
75%
1964-65 First Bill Russell Boston Celtics
75%
1963-64 Second Bill Russell Boston Celtics
75%
1962-63 First Bill Russell Boston Celtics
75%
1961-62 Second Bill Russell Boston Celtics
75%
1960-61 Second Bill Russell Boston Celtics
75%
1959-60 Second Bill Russell Boston Celtics
75%
1958-59 First Bill Russell Boston Celtics
75%
1957-58 Second Bill Russell Boston Celtics
75%
2008-09 Third Chauncey Billups Denver Nuggets
75%
2007-08 Third Chauncey Billups Detroit Pistons
75%
2006-07 Third Chauncey Billups Detroit Pistons
75%
2005-06 Second Chauncey Billups Detroit Pistons
75%
1970-71 Second Oscar Robertson Milwaukee Bucks
75%
1969-70 Second Oscar Robertson Cincinnati Royals
75%
1968-69 First Oscar Robertson Cincinnati Royals
75%
1967-68 First Oscar Robertson Cincinnati Royals
75%
1966-67 First Oscar Robertson Cincinnati Royals
75%
1965-66 First Oscar Robertson Cincinnati Royals
75%
1964-65 First Oscar Robertson Cincinnati Royals
75%
1963-64 First Oscar Robertson Cincinnati Royals
75%
1962-63 First Oscar Robertson Cincinnati Royals
75%
1961-62 First Oscar Robertson Cincinnati Royals
75%
1960-61 First Oscar Robertson Cincinnati Royals
75%
2011-12 Third Rajon Rondo Boston Celtics
75%
1998-99 Second Tim Hardaway Miami Heat
75%
1997-98 Third Tim Hardaway Miami Heat
75%
1996-97 First Tim Hardaway Miami Heat
75%
1992-93 Third Tim Hardaway Golden State Warriors
75%
1991-92 Third Tim Hardaway Golden State Warriors
75%
1995-96 First Anfernee Hardaway Orlando Magic
73%
1994-95 First Anfernee Hardaway Orlando Magic
73%
2002-03 Second Chris Webber Sacramento Kings
73%
2001-02 Third Chris Webber Sacramento Kings
73%
2000-01 First Chris Webber Sacramento Kings
73%
1999-00 Third Chris Webber Sacramento Kings
73%
1998-99 Third Chris Webber Sacramento Kings
73%
2003-04 Second Jermaine O'Neal Indiana Pacers
73%
1977-78 First Bill Walton Portland Trail Blazers
72%
1976-77 Second Bill Walton Portland Trail Blazers
72%
1990-91 Third James Worthy Los Angeles Lakers
72%
1989-90 Third James Worthy Los Angeles Lakers
72%
1986-87 First Kevin McHale Boston Celtics
72%
1996-97 Third Shawn Kemp Seattle SuperSonics
72%
1995-96 Second Shawn Kemp Seattle SuperSonics
72%
1994-95 Second Shawn Kemp Seattle SuperSonics
72%
1993-94 Second Shawn Kemp Seattle SuperSonics
72%
1992-93 Third Shawn Kemp Seattle SuperSonics
72%
2000-01 Third Alonzo Mourning Miami Heat
71%
1999-00 Second Alonzo Mourning Miami Heat
71%
1998-99 Second Alonzo Mourning Miami Heat
71%
1985-86 Second Alvin Robertson San Antonio Spurs
71%
2015-16 Third Andre Drummond Detroit Pistons
71%
1994-95 Third Dominique Wilkins Boston Celtics
71%
1993-94 Second Dominique Wilkins Atlanta Hawks
71%
1992-93 Third Dominique Wilkins Atlanta Hawks
71%
1990-91 Third Dominique Wilkins Atlanta Hawks
71%
1988-89 Third Dominique Wilkins Atlanta Hawks
71%
1987-88 Second Dominique Wilkins Atlanta Hawks
71%
1986-87 Second Dominique Wilkins Atlanta Hawks
71%
1985-86 First Dominique Wilkins Atlanta Hawks
71%
2008-09 Second Yao Ming Houston Rockets
71%
2007-08 Third Yao Ming Houston Rockets
71%
2006-07 Second Yao Ming Houston Rockets
71%
2003-04 Second Yao Ming Houston Rockets
71%
2002-03 Third Yao Ming Houston Rockets
71%
1962-63 Second Bob Cousy Boston Celtics
69%
1961-62 Second Bob Cousy Boston Celtics
69%
1960-61 First Bob Cousy Boston Celtics
69%
1959-60 First Bob Cousy Boston Celtics
69%
1958-59 First Bob Cousy Boston Celtics
69%
1957-58 First Bob Cousy Boston Celtics
69%
1956-57 First Bob Cousy Boston Celtics
69%
1955-56 First Bob Cousy Boston Celtics
69%
1954-55 First Bob Cousy Boston Celtics
69%
1953-54 First Bob Cousy Boston Celtics
69%
1952-53 First Bob Cousy Boston Celtics
69%
1951-52 First Bob Cousy Boston Celtics
69%
1991-92 Third Joe Dumars Detroit Pistons
69%
1990-91 Third Joe Dumars Detroit Pistons
69%
1989-90 Third Joe Dumars Detroit Pistons
69%
1992-93 Second Chris Mullin Golden State Warriors
68%
1991-92 Second Chris Mullin Golden State Warriors
68%
1990-91 Second Chris Mullin Golden State Warriors
68%
1989-90 Third Chris Mullin Golden State Warriors
68%
1988-89 Second Chris Mullin Golden State Warriors
68%
1999-00 Second Grant Hill Detroit Pistons
68%
1998-99 Second Grant Hill Detroit Pistons
68%
1997-98 Second Grant Hill Detroit Pistons
68%
1996-97 First Grant Hill Detroit Pistons
68%
1995-96 Third Grant Hill Detroit Pistons
68%
2017-18 Third Victor Oladipo Indiana Pacers
68%
2010-11 Third Zach Randolph Memphis Grizzlies
67%
1964-65 Second Bob Pettit St. Louis Hawks
65%
1963-64 First Bob Pettit St. Louis Hawks
65%
1962-63 First Bob Pettit St. Louis Hawks
65%
1961-62 First Bob Pettit St. Louis Hawks
65%
1960-61 First Bob Pettit St. Louis Hawks
65%
1959-60 First Bob Pettit St. Louis Hawks
65%
1958-59 First Bob Pettit St. Louis Hawks
65%
1957-58 First Bob Pettit St. Louis Hawks
65%
1956-57 First Bob Pettit St. Louis Hawks
65%
1955-56 First Bob Pettit St. Louis Hawks
65%
1954-55 First Bob Pettit Milwaukee Bucks
65%
1968-69 First Elgin Baylor Los Angeles Lakers
65%
1967-68 First Elgin Baylor Los Angeles Lakers
65%
1966-67 First Elgin Baylor Los Angeles Lakers
65%
1964-65 First Elgin Baylor Los Angeles Lakers
65%
1963-64 First Elgin Baylor Los Angeles Lakers
65%
1962-63 First Elgin Baylor Los Angeles Lakers
65%
1961-62 First Elgin Baylor Los Angeles Lakers
65%
1960-61 First Elgin Baylor Los Angeles Lakers
65%
1959-60 First Elgin Baylor Minneapolis Lakers
65%
1958-59 First Elgin Baylor Minneapolis Lakers
65%
1982-83 Second George Gervin San Antonio Spurs
65%
1981-82 First George Gervin San Antonio Spurs
65%
1980-81 First George Gervin San Antonio Spurs
65%
1979-80 First George Gervin San Antonio Spurs
65%
1978-79 First George Gervin San Antonio Spurs
65%
1977-78 First George Gervin San Antonio Spurs
65%
1976-77 Second George Gervin San Antonio Spurs
65%
2006-07 Second Gilbert Arenas Washington Wizards
65%
2005-06 Third Gilbert Arenas Washington Wizards
65%
2004-05 Third Gilbert Arenas Washington Wizards
65%
2002-03 Third Gilbert Arenas Golden State Warriors
65%
1988-89 Third Robert Parish Boston Celtics
65%
1981-82 Second Robert Parish Boston Celtics
65%
1968-69 First Wes Unseld Baltimore Bullets
65%
2000-01 Second Dikembe Mutombo Philadelphia 76ers
64%
1999-00 Third Dikembe Mutombo Atlanta Hawks
64%
1998-99 Third Dikembe Mutombo Atlanta Hawks
64%
1974-75 First Bob McAdoo Buffalo Braves
63%
1973-74 Second Bob McAdoo Buffalo Braves
63%
2009-10 Third Brandon Roy Portland Trail Blazers
63%
2008-09 Second Brandon Roy Portland Trail Blazers
63%
1975-76 Second John Havlicek Boston Celtics
63%
1974-75 Second John Havlicek Boston Celtics
63%
1973-74 First John Havlicek Boston Celtics
63%
1972-73 First John Havlicek Boston Celtics
63%
1971-72 First John Havlicek Boston Celtics
63%
1970-71 First John Havlicek Boston Celtics
63%
1969-70 Second John Havlicek Boston Celtics
63%
1968-69 Second John Havlicek Boston Celtics
63%
1967-68 Second John Havlicek Boston Celtics
63%
1965-66 Second John Havlicek Boston Celtics
63%
1963-64 Second John Havlicek Boston Celtics
63%
1985-86 Second Alex English Denver Nuggets
61%
1982-83 Second Alex English Denver Nuggets
61%
1981-82 Second Alex English Denver Nuggets
61%
1975-76 First Rick Barry Golden State Warriors
61%
1974-75 First Rick Barry Golden State Warriors
61%
1973-74 First Rick Barry Golden State Warriors
61%
1972-73 Second Rick Barry Golden State Warriors
61%
1966-67 First Rick Barry San Francisco Warriors
61%
1965-66 First Rick Barry San Francisco Warriors
61%
1993-94 Second Mark Price Cleveland Cavaliers
60%
1992-93 Second Mark Price Cleveland Cavaliers
60%
1988-89 Third Mark Price Cleveland Cavaliers
60%
1975-76 Second Phil Smith Golden State Warriors
60%
1975-76 Second Randy Smith Buffalo Braves
60%
1974-75 First Walt Frazier New York Knicks
59%
1973-74 First Walt Frazier New York Knicks
59%
1972-73 Second Walt Frazier New York Knicks
59%
1971-72 First Walt Frazier New York Knicks
59%
1970-71 Second Walt Frazier New York Knicks
59%
1969-70 First Walt Frazier New York Knicks
59%
2011-12 Second Andrew Bynum Los Angeles Lakers
57%
1978-79 First Elvin Hayes Washington Bullets
57%
1976-77 First Elvin Hayes Washington Bullets
57%
1975-76 Second Elvin Hayes Washington Bullets
57%
1974-75 First Elvin Hayes Washington Bullets
57%
1973-74 Second Elvin Hayes Capital Bullets
57%
1972-73 Second Elvin Hayes Baltimore Bullets
57%
2005-06 Third Ron Artest Sacramento Kings
57%
2003-04 Third Ron Artest Indiana Pacers
57%
1984-85 First Bernard King New York Knicks
56%
1983-84 First Bernard King New York Knicks
56%
1981-82 Second Bernard King Golden State Warriors
56%
2011-12 Third Tyson Chandler New York Knicks
56%
1988-89 Third Dale Ellis Seattle SuperSonics
55%
1953-54 First George Mikan Minneapolis Lakers
55%
1952-53 First George Mikan Minneapolis Lakers
55%
1951-52 First George Mikan Minneapolis Lakers
55%
1950-51 First George Mikan Minneapolis Lakers
55%
1949-50 First George Mikan Minneapolis Lakers
55%
1948-49 First George Mikan Minneapolis Lakers
55%
2004-05 Third Shawn Marion Phoenix Suns
55%
1997-98 Third Glen Rice Charlotte Hornets
53%
1996-97 Second Glen Rice Charlotte Hornets
53%
1993-94 Third Horace Grant Chicago Bulls
53%
2003-04 Second Peja Stojaković Sacramento Kings
53%
1966-67 Second Sam Jones Boston Celtics
53%
1965-66 Second Sam Jones Boston Celtics
53%
1964-65 Second Sam Jones Boston Celtics
53%
2012-13 Third David Lee Golden State Warriors
52%
1970-71 Second Willis Reed New York Knicks
52%
1969-70 First Willis Reed New York Knicks
52%
1968-69 Second Willis Reed New York Knicks
52%
1967-68 Second Willis Reed New York Knicks
52%
1966-67 Second Willis Reed New York Knicks
52%
1975-76 Second Dave Cowens Boston Celtics
51%
1974-75 Second Dave Cowens Boston Celtics
51%
1972-73 Second Dave Cowens Boston Celtics
51%
1977-78 Second Pete Maravich New Orleans Jazz
51%
1976-77 First Pete Maravich New Orleans Jazz
51%
1975-76 First Pete Maravich New Orleans Jazz
51%
1972-73 Second Pete Maravich Atlanta Hawks
51%
2007-08 Third Carlos Boozer Utah Jazz
49%
2013-14 Third Al Jefferson Charlotte Bobcats
48%
1976-77 Second Jo Jo White Boston Celtics
48%
1974-75 Second Jo Jo White Boston Celtics
48%
1996-97 Third Mitch Richmond Sacramento Kings
48%
1995-96 Third Mitch Richmond Sacramento Kings
48%
1994-95 Third Mitch Richmond Sacramento Kings
48%
1985-86 Second Sidney Moncrief Milwaukee Bucks
48%
1984-85 Second Sidney Moncrief Milwaukee Bucks
48%
1983-84 Second Sidney Moncrief Milwaukee Bucks
48%
1982-83 First Sidney Moncrief Milwaukee Bucks
48%
1981-82 Second Sidney Moncrief Milwaukee Bucks
48%
1983-84 Second Adrian Dantley Utah Jazz
47%
1980-81 Second Adrian Dantley Utah Jazz
47%
2009-10 Third Andrew Bogut Milwaukee Bucks
45%
2005-06 Second Elton Brand Los Angeles Clippers
45%
2003-04 Second Sam Cassell Minnesota Timberwolves
43%
1980-81 Second Tiny Archibald Boston Celtics
43%
1975-76 First Tiny Archibald Kansas City Kings
43%
1974-75 First Tiny Archibald Kansas City-Omaha Kings
43%
1972-73 First Tiny Archibald Kansas City-Omaha Kings
43%
1971-72 Second Tiny Archibald Cincinnati Royals
43%
1994-95 Third Latrell Sprewell Golden State Warriors
41%
1993-94 First Latrell Sprewell Golden State Warriors
41%
2001-02 Third Stephon Marbury Phoenix Suns
41%
1999-00 Third Stephon Marbury New Jersey Nets
41%
1998-99 Third Stephon Marbury Minnesota Timberwolves
41%
1960-61 Second Dolph Schayes Syracuse Nationals
40%
1959-60 Second Dolph Schayes Syracuse Nationals
40%
1958-59 Second Dolph Schayes Syracuse Nationals
40%
1957-58 First Dolph Schayes Syracuse Nationals
40%
1956-57 First Dolph Schayes Syracuse Nationals
40%
1955-56 Second Dolph Schayes Syracuse Nationals
40%
1954-55 First Dolph Schayes Syracuse Nationals
40%
1953-54 First Dolph Schayes Syracuse Nationals
40%
1952-53 First Dolph Schayes Syracuse Nationals
40%
1951-52 First Dolph Schayes Syracuse Nationals
40%
1950-51 Second Dolph Schayes Syracuse Nationals
40%
1949-50 Second Dolph Schayes Syracuse Nationals
40%
2013-14 Third Goran Dragić Phoenix Suns
39%
1984-85 Second Ralph Sampson Houston Rockets
37%
1986-87 Second Fat Lever Denver Nuggets
36%
1958-59 Second Paul Arizin Philadelphia Warriors
35%
1956-57 First Paul Arizin Philadelphia Warriors
35%
1955-56 First Paul Arizin Philadelphia Warriors
35%
1951-52 First Paul Arizin Philadelphia Warriors
35%
1973-74 First Gail Goodrich Los Angeles Lakers
33%
1973-74 Second Dave Bing Detroit Pistons
32%
1970-71 First Dave Bing Detroit Pistons
32%
1967-68 First Dave Bing Detroit Pistons
32%
1968-69 Second Hal Greer Philadelphia 76ers
32%
1967-68 Second Hal Greer Philadelphia 76ers
32%
1966-67 Second Hal Greer Philadelphia 76ers
32%
1965-66 Second Hal Greer Philadelphia 76ers
32%
1964-65 Second Hal Greer Philadelphia 76ers
32%
1963-64 Second Hal Greer Philadelphia 76ers
32%
1962-63 Second Hal Greer Syracuse Nationals
32%
1989-90 Second Tom Chambers Phoenix Suns
32%
1988-89 Second Tom Chambers Phoenix Suns
32%
1967-68 First Jerry Lucas Cincinnati Royals
31%
1966-67 Second Jerry Lucas Cincinnati Royals
31%
1965-66 First Jerry Lucas Cincinnati Royals
31%
1964-65 First Jerry Lucas Cincinnati Royals
31%
1963-64 Second Jerry Lucas Cincinnati Royals
31%
1977-78 Second Maurice Lucas Portland Trail Blazers
31%
1968-69 First Earl Monroe Baltimore Bullets
29%
1958-59 Second Slater Martin St. Louis Hawks
27%
1957-58 Second Slater Martin St. Louis Hawks
27%
1956-57 Second Slater Martin St. Louis Hawks
27%
1955-56 Second Slater Martin Minneapolis Lakers
27%
1954-55 Second Slater Martin Minneapolis Lakers
27%
1968-69 Second Dave DeBusschere New York Knicks
25%
1959-60 Second Bill Sharman Boston Celtics
24%
1958-59 First Bill Sharman Boston Celtics
24%
1957-58 First Bill Sharman Boston Celtics
24%
1956-57 First Bill Sharman Boston Celtics
24%
1955-56 First Bill Sharman Boston Celtics
24%
1954-55 Second Bill Sharman Boston Celtics
24%
1952-53 Second Bill Sharman Boston Celtics
24%
1963-64 Second Tom Heinsohn Boston Celtics
24%
1962-63 Second Tom Heinsohn Boston Celtics
24%
1961-62 Second Tom Heinsohn Boston Celtics
24%
1960-61 Second Tom Heinsohn Boston Celtics
24%
1979-80 First Paul Westphal Phoenix Suns
21%
1978-79 First Paul Westphal Phoenix Suns
21%
1977-78 Second Paul Westphal Phoenix Suns
21%
1976-77 First Paul Westphal Phoenix Suns
21%
1978-79 Second World B. Free San Diego Clippers
21%
1996-97 Third Anthony Mason Charlotte Hornets
20%
1950-51 Second Joe Fulks Philadelphia Warriors
19%
1948-49 First Joe Fulks Philadelphia Warriors
19%
1947-48 First Joe Fulks Philadelphia Warriors
19%
1946-47 First Joe Fulks Philadelphia Warriors
19%
1969-70 Second Lou Hudson Atlanta Hawks
19%
1988-89 Third Terry Cummings Milwaukee Bucks
19%
1984-85 Second Terry Cummings Milwaukee Bucks
19%
1978-79 Second Bob Dandridge Washington Bullets
17%
1954-55 Second Vern Mikkelsen Minneapolis Lakers
17%
1952-53 Second Vern Mikkelsen Minneapolis Lakers
17%
1951-52 Second Vern Mikkelsen Minneapolis Lakers
17%
1950-51 Second Vern Mikkelsen Minneapolis Lakers
17%
1957-58 First George Yardley Detroit Pistons
16%
1956-57 Second George Yardley Fort Wayne Pistons
16%
1974-75 Second Spencer Haywood Seattle SuperSonics
16%
1973-74 Second Spencer Haywood Seattle SuperSonics
16%
1972-73 First Spencer Haywood Seattle SuperSonics
16%
1971-72 First Spencer Haywood Seattle SuperSonics
16%
1976-77 Second George McGinnis Philadelphia 76ers
15%
1975-76 First George McGinnis Philadelphia 76ers
15%
1961-62 Second Jack Twyman Cincinnati Royals
15%
1959-60 Second Jack Twyman Cincinnati Royals
15%
1956-57 Second Neil Johnston Philadelphia Warriors
15%
1955-56 First Neil Johnston Philadelphia Warriors
15%
1954-55 First Neil Johnston Philadelphia Warriors
15%
1953-54 First Neil Johnston Philadelphia Warriors
15%
1952-53 First Neil Johnston Philadelphia Warriors
15%
1961-62 Second Richie Guerin New York Knicks
15%
1958-59 Second Richie Guerin New York Knicks
15%
1969-70 First Connie Hawkins Phoenix Suns
12%
1962-63 Second Bailey Howell Detroit Pistons
11%
1958-59 Second Cliff Hagan St. Louis Hawks
11%
1957-58 Second Cliff Hagan St. Louis Hawks
11%
1953-54 Second Ed Macauley Boston Celtics
11%
1952-53 First Ed Macauley Boston Celtics
11%
1951-52 First Ed Macauley Boston Celtics
11%
1950-51 First Ed Macauley Boston Celtics
11%
1954-55 Second Harry Gallatin New York Knicks
9%
1953-54 First Harry Gallatin New York Knicks
9%
1949-50 First Max Zaslofsky Chicago Stags
9%
1948-49 First Max Zaslofsky Chicago Stags
9%
1947-48 First Max Zaslofsky Chicago Stags
9%
1946-47 First Max Zaslofsky Chicago Stags
9%
1973-74 Second Norm Van Lier Chicago Bulls
9%
1983-84 Second Jim Paxson Portland Trail Blazers
8%
1954-55 First Larry Foust Fort Wayne Pistons
8%
1951-52 Second Larry Foust Fort Wayne Pistons
8%
1980-81 Second Otis Birdsong Kansas City Kings
8%
1974-75 Second Phil Chenier Washington Bullets
8%
1978-79 Second Phil Ford Kansas City Kings
8%
1971-72 Second Archie Clark Baltimore Bullets
7%
1953-54 Second Jim Pollard Minneapolis Lakers
7%
1951-52 Second Jim Pollard Minneapolis Lakers
7%
1949-50 First Jim Pollard Minneapolis Lakers
7%
1948-49 First Jim Pollard Minneapolis Lakers
7%
1957-58 Second Tom Gola Philadelphia Warriors
7%
1950-51 Second Dick McGuire New York Knicks
5%
1960-61 Second Gene Shue Detroit Pistons
5%
1959-60 First Gene Shue Detroit Pistons
5%
1960-61 Second Larry Costello Syracuse Nationals
5%
1957-58 Second Maurice Stokes Cincinnati Royals
5%
1956-57 Second Maurice Stokes Rochester Royals
5%
1955-56 Second Maurice Stokes Rochester Royals
5%
1952-53 Second Andy Phillip Philadelphia Warriors
4%
1951-52 Second Andy Phillip Philadelphia Warriors
4%
1948-49 Second Arnie Risen Rochester Royals
4%
1952-53 Second Bob Davies Rochester Royals
4%
1951-52 First Bob Davies Rochester Royals
4%
1950-51 First Bob Davies Rochester Royals
4%
1949-50 First Bob Davies Rochester Royals
4%
1948-49 First Bob Davies Rochester Royals
4%
1953-54 Second Carl Braun New York Knicks
4%
1947-48 Second Carl Braun New York Knicks
4%
1955-56 Second Clyde Lovellette Minneapolis Lakers
4%
1979-80 Second Dan Roundfield Atlanta Hawks
4%
1950-51 First Alex Groza Indianapolis Olympians
1%
1949-50 First Alex Groza Indianapolis Olympians
1%
1953-54 Second Bobby Wanzer Rochester Royals
1%
1952-53 Second Bobby Wanzer Rochester Royals
1%
1951-52 Second Bobby Wanzer Rochester Royals
1%
1948-49 Second Bones McKinney Washington Capitols
1%
1946-47 First Bones McKinney Washington Capitols
1%
1956-57 Second Dick Garmaker Minneapolis Lakers
1%
1947-48 Second Fred Scolari Washington Capitols
1%
1946-47 Second Fred Scolari Washington Capitols
1%
1954-55 Second Paul Seymour Syracuse Nationals
1%
1953-54 Second Paul Seymour Syracuse Nationals
1%
1950-51 First Ralph Beard Indianapolis Olympians
1%
1949-50 Second Ralph Beard Indianapolis Olympians
1%
1949-50 Second Al Cervi Syracuse Nationals
0%
1948-49 Second Bob Feerick Washington Capitols
0%
1947-48 First Bob Feerick Washington Capitols
0%
1946-47 First Bob Feerick Washington Capitols
0%
1947-48 Second Buddy Jeannette Baltimore Bullets
0%
1946-47 Second Chick Halbert Chicago Stags
0%
1947-48 First Ed Sadowski Boston Celtics
0%
1946-47 Second Ernie Calverley Providence Steamrollers
0%
1946-47 Second Frankie Baumholtz Cleveland Rebels
0%
1950-51 Second Frankie Brian Tri-Cities Blackhawks
0%
1949-50 Second Frankie Brian Anderson Packers
0%
1949-50 Second Fred Schaus Fort Wayne Pistons
0%
1947-48 First Howie Dallmar Philadelphia Warriors
0%
1948-49 Second John Logan St. Louis Bombers
0%
1947-48 Second John Logan St. Louis Bombers
0%
1946-47 Second John Logan St. Louis Bombers
0%
1948-49 Second Kenny Sailors Providence Steamrollers
0%
1947-48 Second Stan Miasek Chicago Stags
0%
1946-47 First Stan Miasek Detroit Falcons
0%
No matching quizzes found
Score Distribution
Percent of People with Each Score
Percentile by Number Answered
Your Score History
You have not taken this quiz